000 00540cam a22001933a 4500
001 45855
003 PGUSA
005 20140828084051.0
008 140601s2014||||xxu|||||s|||||000 | eng d
040 _aPGUSA
_beng
042 _adc
245 1 0 _aL'Illustration, No. 0059, 13 Avril 1844
_h[electronic resource] /
_cVarious
260 _bProject Gutenberg,
_c2014
506 _aPublic domain in the USA.
516 _aElectronic text
830 0 _aProject Gutenberg
_v45855
856 4 0 _uhttp://www.gutenberg.org/ebooks/45855
942 _cEB
999 _c275105
_d275105